000 02219nam0a2200385 4500
001 RU\NLR\BIBL_A\010944205
005 20260407073326.0
010 _a978-5-93572-626-3
_9500
035 _a(NLR Aleph) 010944205
090 _a10761700
_c10761700
100 _a20151224d2015 |||y0rusy50 ca
101 0 _arus
102 _aRU
105 _aabc|z|||100yy
200 1 _aНа земле грифона
_dIn the land of the gryphon
_e[по материалам выставки "На земле грифона. Античная археология Эрмитажа в Крыму", 23 октября - 24 января 2026 года]
_fА.М. Бутягин, О.Ю. Соколова, С.Л. Соловьёв
_zeng
210 _aСанкт-Петербург
_cИзд-во Государственного Эрмитажа
_d2015
215 _a38, [1] с.
_cил., цв. ил., портр.
_d21
300 _aНа обл. авт. не указаны
300 _aВ надзаг.: Гос. Эрмитаж
300 _aНа авантит.: Эрмитаж 250
316 _aЭкслибрис: Дар Эрмитажа
_5NLR
510 1 _aIn the land of the gryphon
_zeng
606 1 _aАрхеологические экспедиции
_jВыставки
_yКрым, республика
_92266208
_3RU\NLR\AUTH\6601587953
686 1 _aТ4е(2)л8
686 1 _aТ4е(2)62
700 1 _aБутягин
_bА. М.
_f1971-
_gАлександр Михайлович
_9142418
_3RU\NLR\AUTH\770142454
701 1 _7ca
_8rus
_aСоколова
_bО. Ю.
_cархеолог
_gОльга Юрьевна
_9153104
_3RU\NLR\AUTH\770153142
701 1 _7ca
_8rus
_aСоловьев
_bС. Л.
_cархеолог
_gСергей Львович
_926904
_3RU\NLR\AUTH\7743962
711 1 2 _a"На земле грифона. Античная археология Эрмитажа в Крыму", выставка
_eСанкт-Петербург
_f2015-2016
_9499833
_3RU\NLR\AUTH\880417356
712 0 2 _4570
_aГосударственный Эрмитаж
_cСанкт-Петербург
_9277747
_3RU\NLR\AUTH\883267
942 _cBOOK
980 _aNBR
980 _aNB